000 00694nam a22001337a 4500
040 _cRUA
082 _aAGR IM 2015 B474 Or.1
100 _aIM SOKNIN; អ៊ីម សុខនីន
245 _aStudy on dry season rice cultivating by farmers at cholkiry district, kompong chhnang province; សិក្សាបច្ចេកទេសដាំដុះស្រូវប្រាំងរបស់កសិករស្រុកជលគីរី ខេត្តកំពង់ឆ្នាំង
260 _aPhnom Penh
_bRUA
_c2015
300 _aix;40p.
_bill.
_c29cm.
856 _uSTUDY ON DRY SEASON RICE CULTIVATING BY FARMERS AT CHOLKIRY DISTRICT KOMPONG CHHNANG PROVINCE
942 _cAGR
999 _c8064
_d8064